Statistiques concernant Paroles - Ne m'oublie pas (Coco)

Cliquez ici pour prendre le quiz!

Statistiques générales

  • Ce quiz a été pris 147 fois
  • Le résultat moyen est 70 sur 83

Statistiques - réponses

HintRéponse% Correct
m'oublie
97%
m'oublie
97%
m'oublie
97%
m'oublie
97%
m'oublie
97%
chansonNe
97%
ne
97%
Ne
97%
ne
97%
Ne
97%
Ne
97%
Ne
97%
pas!
97%
pas
97%
pas
97%
pas
97%
pas
97%
pas
97%
pas!
97%
je
96%
Je
96%
Je
96%
je
96%
je
96%
je
96%
à
92%
tu
92%
tu
92%
tu
92%
tu
92%
tu
92%
tu
92%
de
91%
de
91%
me
90%
suis
86%
suis
86%
toi
86%
toi
86%
toi
86%
si
85%
si
85%
dans
82%
dans
82%
que
82%
que
82%
aller
81%
coeur
81%
dois
81%
mon
81%
pleurer
81%
vais
81%
en
80%
Même
80%
même
80%
m'en
80%
loin
79%
devoir
78%
très
78%
pour
77%
es
76%
chante
75%
chante
75%
quand
75%
Quand
75%
plus
74%
restes
74%
près
72%
vois
71%
chaque
70%
peur
70%
mes
69%
soir
69%
une
69%
guitare
68%
bras!
66%
c'est
66%
pars
66%
secret
66%
entendras
64%
regret
63%
tout
61%
n'aies
53%

Distribution des résultats

Percentile par nombre de réponses

% des personnes avec chaque résultat

Votre développement - résultats

Vous n’avez pas pris ce quiz